| Record ID | ia:booksofmagicsumm0000rieb |
| Source | Internet Archive |
| Download MARC XML | https://archive.org/download/booksofmagicsumm0000rieb/booksofmagicsumm0000rieb_marc.xml |
| Download MARC binary | https://www.archive.org/download/booksofmagicsumm0000rieb/booksofmagicsumm0000rieb_meta.mrc |
LEADER: 01250 am a2200313ua 4500
001 006679073
005 20150711172500.0
008 970204s1996 xxua || 000 1|eng
019 1 $abld0050521
020 $a1563892650 (pbk)
020 $a1852867167 (Titan)
040 $aUk$cUk
100 10 $aRieber, John Ney.
245 14 $aThe books of magic: summonings /$cJohn Ney Rieber, writer ; Peter Gross ... [et al.] artists ; Sherilyn van Valkenburgh, colors ; Starkings & Comicraft, John Costanza, John Workman, letterers.
260 $aNew York, NY :$bDC Comics,$cc1996.
300 $a238p. :$bchiefly col.ill. ;$c27cm.
336 $atext$2rdacontent
337 $aunmediated$2rdamedia
338 $avolume$2rdacarrier
500 $a"Timothy Hunter and The books of magic created by Neil Gaiman and John Bolton.".
505 0 $aContents: The hidden school. _ Sacrifices. _ The lot. _ The artificial heart. _ Small glass worlds.
650 0 $aMagicians$xPictorial works$xFiction.
650 0 $aTeenagers$xPictorial works$xFiction.
650 0 $aFantasy comic books, strips, etc.
700 1 $aGross, Peter,$d1958-
700 1 $aBolton, John,$d1951-
700 1 $aGaiman, Neil.
852 41 $aBritish Library$bHMNTS$jYK.1997.b.1175
957 $a960529c